[Event "AUTO-OPEN-1494"]
[Site "http://www.queenalice.com/game.php?id=700098"]
[Date "2009.12.19"]
[Round "3"]
[White "Huruka"]
[Black "drd123"]
[Result "0-1"]
[WhiteElo "1903"]
[BlackElo "2071"]

1. e4 e5 2. Nf3 Nc6 3. Bc4 Nf6 4. O-O Bc5 5. c3 O-O 6. d3 d6 7. Bg5 h6 8. Bh4 g5
9. Nxg5 hxg5 10. Bxg5 d5 11. Bxd5 Be7 12. Bxf6 Bxf6 13. Qh5 Ne7 14. Bb3 a5 15.
Nd2 c6 16. f4 Qxd3 17. fxe5 Qe3+ 18. Rf2 Qg5 19. Qf3 Bxe5 20. Raf1 Bg4 21. Qd3
Bh5 22. Nf3 Bxf3 23. Rxf3 a4 24. Bxf7+ Kg7 25. Qd7 Rad8 26. Qh3 Rh8 27. Bh5 Rxh5
28. Rf7+ Kg8 29. Qe6 Bxh2+ 30. Kh1 Bf4+ 31. Kg1 Be3+ 32. R7f2+ Kh8 33. Qf7 Qh4
0-1

[Event "AUTO-OPEN-1494"]
[Site "http://www.queenalice.com/game.php?id=700099"]
[Date "2009.12.19"]
[Round "3"]
[White "drd123"]
[Black "Huruka"]
[Result "1-0"]
[WhiteElo "2080"]
[BlackElo "1894"]

1. Nf3 d5 2. g3 Nf6 3. Bg2 e6 4. O-O Bd6 5. d3 O-O 6. Bg5 Nbd7 7. Nfd2 c5 8. Nc3
Qc7 9. e4 dxe4 10. Ndxe4 Nxe4 11. Nxe4 Rb8 12. c3 b6 13. d4 Bb7 14. Re1 Bd5 15.
Nxd6 Bxg2 16. Kxg2 Qxd6 17. Bf4 Qd5+ 18. f3 Rbc8 19. dxc5 Qxd1 20. Raxd1 Nxc5
21. Bd6 Rfe8 22. Bxc5 Rxc5 23. Rd7 Ra5 24. a3 Kf8 25. Red1 g6 26. Rc7 Rd5 27.
Rxd5 exd5 28. Kf2 Re7 29. Rxe7 Kxe7 30. Ke3 Ke6 31. Kd4 Kd6 32. b4 a6 33. a4 f6
34. f4 h6 35. h3 h5 36. g4 hxg4 37. hxg4 Ke6 38. a5 1-0

[Event "dreamer"]
[Site "http://www.queenalice.com/game.php?id=701629"]
[Date "2009.12.22"]
[Round "4"]
[White "Huruka"]
[Black "Mr_SPOCK"]
[Result "1-0"]
[WhiteElo "1898"]
[BlackElo "1534"]

1. e4 e5 2. Nf3 Bc5 3. Bc4 Nf6 4. O-O O-O 5. d3 Nc6 6. c3 d6 7. Bg5 Bh3 8. gxh3
Qd7 9. Bxf6 gxf6 10. Kg2 Kh8 11. Rg1 Rg8+ 12. Kf1 Qxh3+ 13. Ke2 Qh5 14. Nd2 Bd4
15. cxd4 Nxd4+ 16. Kf1 Qh3+ 17. Ke1 Rg2 18. Rxg2 Qxg2 19. Nxd4 exd4 20. Nf3 Rg8
21. Bxf7 Qh1+ 22. Kd2 Rg1 23. Qxg1 Qxg1 24. Rxg1 h5 25. Nh4 c5 26. Nf5 b5 27.
Nxd6 Kh7 28. Bxh5 Kh6 29. Bf7 c4 30. dxc4 bxc4 31. Bxc4 a5 32. Ne8 a4 33. Nxf6
a3 34. b4 d3 35. Nd7 Kh5 36. Kxd3 Kh6 37. Bf7 Kh7 38. Nf6+ Kh6 39. Rg6# 1-0

[Event "Challenge"]
[Site "http://www.queenalice.com/game.php?id=702998"]
[Date "2009.12.24"]
[Round "-"]
[White "Torfi"]
[Black "Huruka"]
[Result "1-0"]
[WhiteElo "1975"]
[BlackElo "1926"]

1. e4 e5 2. Nf3 Nc6 3. Bb5 a6 4. Ba4 b5 5. Bb3 Nf6 6. O-O Be7 7. Nc3 O-O 8. d4
exd4 9. Nxd4 Bb7 10. Re1 Re8 11. Nxc6 Bxc6 12. e5 1-0

[Event "Challenge"]
[Site "http://www.queenalice.com/game.php?id=702999"]
[Date "2009.12.24"]
[Round "-"]
[White "Huruka"]
[Black "Torfi"]
[Result "0-1"]
[WhiteElo "1891"]
[BlackElo "2010"]

1. e4 e5 2. Nf3 Nc6 3. Bc4 Bc5 4. O-O Nf6 5. d3 d6 6. c3 d5 7. exd5 Nxd5 8. b4
Bb6 9. Qb3 Be6 10. Nbd2 a5 11. Ba3 a4 12. Qc2 Bf5 13. Ne4 f6 14. Rad1 Qd7 15.
Bxd5 Qxd5 16. c4 Qd7 17. c5 Ba7 18. Qxa4 Nd4 19. Qxd7+ Bxd7 20. Nxd4 exd4 21.
Bb2 Rd8 22. Rd2 Bf5 23. Re1 O-O 24. f3 Rfe8 25. Kf1 b5 26. Rde2 Bxe4 27. Rxe4
Kf7 28. Kf2 f5 29. Rxe8 Rxe8 30. Rxe8 Kxe8 31. f4 Ke7 32. Bxd4 g6 0-1

[Event "Challenge"]
[Site "http://www.queenalice.com/game.php?id=703324"]
[Date "2009.12.25"]
[Round "-"]
[White "Ebbe"]
[Black "Huruka"]
[Result "1-0"]
[WhiteElo "2025"]
[BlackElo "1894"]

1. e4 e5 2. Nf3 Nc6 3. d4 exd4 4. Nxd4 Nxd4 5. Qxd4 d6 6. Nc3 Be6 7. b3 Nf6 8.
Bg5 Be7 9. O-O-O a6 10. h3 Qd7 11. e5 Nd5 12. Bf4 h6 13. Nxd5 O-O 14. Nxe7+ Qxe7
15. exd6 cxd6 16. Bxd6 1-0

[Event "citryien"]
[Site "http://www.queenalice.com/game.php?id=718373"]
[Date "2010.1.22"]
[Round "2"]
[White "Huruka"]
[Black "Martin_Stahl"]
[Result "0-1"]
[WhiteElo "1867"]
[BlackElo "1992"]

1. e4 c5 2. Nf3 Nc6 3. d4 cxd4 4. Nxd4 g6 5. Be3 Bg7 6. Nc3 d6 7. Bc4 Nf6 8. Qd2
O-O 9. f3 Ne5 10. Bb3 Bd7 11. O-O-O a6 12. Kb1 b5 13. h4 b4 14. Nd5 a5 15. Nxf6+
Bxf6 16. Bg5 e6 17. Bh6 Re8 18. h5 a4 0-1

[Event "BRASIL"]
[Site "http://www.queenalice.com/game.php?id=722090"]
[Date "2010.1.29"]
[Round "1"]
[White "polly"]
[Black "Huruka"]
[Result "0-1"]
[WhiteElo "1643"]
[BlackElo "1915"]

1. e4 e5 2. Nf3 Nc6 3. Nc3 d6 4. g3 Be7 5. Bg2 Nf6 6. h3 Be6 7. O-O O-O 8. d3 h6
9. d4 exd4 10. Nxd4 Ne5 11. Bf4 Ng6 12. e5 Nxf4 13. gxf4 dxe5 14. fxe5 Nd5 15.
Nxd5 Bxd5 16. Nf3 Bc5 17. b3 Re8 18. Re1 c6 19. Rb1 Qb6 20. Rf1 Re6 21. Qe2 Rae8
22. c4 Bxf3 23. Qxf3 Rxe5 24. Kh1 Re2 25. Rbe1 Rxe1 26. Rxe1 Rxe1+ 27. Kh2 Bd6+
28. Qg3 Bxg3+ 29. Kxg3 Re2 30. Kh2 Qxf2 0-1

[Event "AUTO-OPEN-1490"]
[Site "http://www.queenalice.com/game.php?id=722610"]
[Date "2010.1.30"]
[Round "3"]
[White "ribeiroBR"]
[Black "Huruka"]
[Result "0-1"]
[WhiteElo "1985"]
[BlackElo "1882"]

1. e4 e5 2. Nf3 Nc6 3. Bc4 d6 4. O-O Be7 5. Nc3 Nf6 6. d3 O-O 7. a3 Bg4 8. h3
Bh5 9. Be3 a6 10. b4 Qd7 11. Nd5 h6 12. Nxe7+ Nxe7 13. c3 c6 14. Bb3 Kh8 15. Qc2
Bxf3 16. gxf3 Qxh3 17. f4 Ng4 18. Rfe1 Ng6 19. f3 Qxf3 20. Qd2 exf4 21. Bd4 Nh4
22. Bd1 Qg3+ 23. Kh1 f3 24. Bxf3 Qh3+ 25. Kg1 Nxf3# 0-1

[Event "AUTO-OPEN-1490"]
[Site "http://www.queenalice.com/game.php?id=722611"]
[Date "2010.1.30"]
[Round "3"]
[White "Huruka"]
[Black "ribeiroBR"]
[Result "0-1"]
[WhiteElo "1880"]
[BlackElo "1965"]

1. e4 c5 2. Nf3 e6 3. d4 cxd4 4. Nxd4 Nc6 5. Nc3 a6 6. Bd3 Bb4 7. Nxc6 bxc6 8.
O-O Nf6 9. Bg5 h6 10. Bh4 O-O 11. e5 g5 12. Bxg5 hxg5 13. exf6 Qxf6 14. Qh5 Qg7
15. Ne4 Be7 16. Rae1 d5 17. Nd2 a5 18. Re3 Ba6 19. c4 dxc4 20. Nxc4 Bxc4 21.
Bxc4 Rab8 22. b3 Rb4 23. Rg3 Qg6 24. Qf3 Rb6 25. Rd1 Rd8 26. h4 Rbb8 27. Bd3 Qh6
28. hxg5 Bxg5 29. Qg4 Rd5 30. f4 Rd4 31. Bh7+ Kxh7 32. Rxd4 Kg8 33. Qxg5+ Qxg5
34. Rxg5+ Kf8 35. Rxa5 Ke7 36. Rc5 Rb6 37. Kf2 f6 38. Kf3 f5 39. g4 fxg4+ 40.
Kxg4 Ra6 41. a4 Rb6 42. b4 Ra6 43. b5 cxb5 44. axb5 Rb6 45. Kg5 Kf7 46. Rd7+ Ke8
0-1

[Event "AUTO-OPEN-1490"]
[Site "http://www.queenalice.com/game.php?id=722614"]
[Date "2010.1.30"]
[Round "3"]
[White "Huruka"]
[Black "cunha"]
[Result "0-1"]
[WhiteElo "1884"]
[BlackElo "2660"]

1. e4 c5 2. Nf3 d6 3. d4 cxd4 4. Nxd4 Nf6 5. Nc3 a6 6. Be3 e6 7. Bd3 Be7 8. O-O
O-O 9. Qd2 b5 10. a3 Bb7 11. Rac1 Nbd7 12. f3 Rc8 13. Nde2 Ne5 14. Kh1 d5 15.
Bd4 dxe4 16. Bxe5 exd3 17. Ng3 dxc2 18. Qxd8 Rfxd8 19. Rxc2 Nd5 20. Re1 f6 21.
Bd4 a5 22. Rxe6 b4 23. Nxd5 Rxc2 0-1

[Event "AUTO-OPEN-1490"]
[Site "http://www.queenalice.com/game.php?id=722615"]
[Date "2010.1.30"]
[Round "3"]
[White "cunha"]
[Black "Huruka"]
[Result "1-0"]
[WhiteElo "2652"]
[BlackElo "1886"]

1. e4 e5 2. Nf3 Nc6 3. Bb5 a6 4. Ba4 b5 5. Bb3 Nf6 6. O-O Be7 7. Re1 d6 8. c3
O-O 9. h3 h6 10. d4 exd4 11. cxd4 Bb7 12. Nc3 Qd7 13. e5 dxe5 14. dxe5 Qxd1 15.
Rxd1 Nh7 16. Nd5 Rac8 17. e6 fxe6 18. Nxe7+ 1-0

[Event "dreamer"]
[Site "http://www.queenalice.com/game.php?id=739632"]
[Date "2010.3.1"]
[Round "5"]
[White "rxk"]
[Black "Huruka"]
[Result "0-1"]
[WhiteElo "1820"]
[BlackElo "1902"]

1. d4 d5 2. c4 Nf6 3. Nc3 e6 4. Nf3 Bd7 5. e3 Be7 6. Bd3 O-O 7. O-O c5 8. cxd5
Nxd5 9. Ne5 Qc7 10. Ne2 cxd4 11. exd4 Nc6 12. f4 Rac8 13. Bd2 Nxe5 14. fxe5 Qb6
15. Kh1 Rc7 16. Bc3 Ne3 17. Qc2 Nxc2 0-1

[Event "Challenge"]
[Site "http://www.queenalice.com/game.php?id=747580"]
[Date "2010.3.17"]
[Round "-"]
[White "Thanasis"]
[Black "Huruka"]
[Result "1-0"]
[WhiteElo "1818"]
[BlackElo "1920"]

1. c4 e5 2. Nc3 Nf6 3. Nf3 d6 4. d4 exd4 5. Nxd4 Be7 6. e4 O-O 7. Bd3 Bg4 8. f3
Bh5 9. O-O Nbd7 10. Be3 Ne5 11. g4 Bg6 12. Be2 Qd7 13. h3 Ne8 14. f4 f6 15. fxe5
fxe5 16. Rxf8+ Kxf8 17. Qf1+ Kg8 18. Nf5 c6 19. Rd1 Nf6 20. Bd3 Rf8 21. Bxa7 h6
22. Nxe7+ Qxe7 23. Qg2 Nd7 24. Rf1 Qh4 25. Rxf8+ Nxf8 26. Bf2 Qg5 27. a4 Qc1+
28. Kh2 Qxb2 29. Ne2 Ne6 30. c5 Qd2 31. Qf3 Nxc5 32. Bc4+ Kh7 33. Ng3 d5 34.
exd5 cxd5 35. Bxd5 e4 36. Nxe4 Nxe4 37. Kg2 Qxd5 38. Qf4 Nxf2+ 39. Kxf2 Qf7 40.
Qxf7 Bxf7 41. Ke3 Bd5 42. Kd4 1-0

[Event "BRASIL"]
[Site "http://www.queenalice.com/game.php?id=764581"]
[Date "2010.4.22"]
[Round "2"]
[White "Taurus"]
[Black "Huruka"]
[Result "1-0"]
[WhiteElo "2063"]
[BlackElo "1900"]

1. e4 e5 2. Nf3 Nc6 3. Bc4 d6 4. h3 Be7 5. O-O Nf6 6. Re1 O-O 7. c3 Bd7 8. d4
exd4 9. cxd4 h6 10. Nc3 a6 11. Bf4 Nh7 12. Rc1 Ng5 13. d5 Nxf3+ 14. Qxf3 Bf6 15.
dxc6 Bxc6 16. Bd5 Bxd5 17. exd5 Qd7 18. Qg3 Kh8 19. Re2 1-0

[Event "QA-ANNIV-06"]
[Site "http://www.queenalice.com/game.php?id=790912"]
[Date "2010.6.16"]
[Round "1"]
[White "Huruka"]
[Black "Rutty"]
[Result "0-1"]
[WhiteElo "1856"]
[BlackElo "1878"]

1. e4 e5 2. Nf3 Nc6 3. Bc4 Bc5 4. O-O Nf6 5. c3 O-O 6. d3 h6 7. Nbd2 d6 8. Qc2
Bg4 9. b4 Bb6 10. a4 a6 11. Kh1 Ne7 12. h3 Be6 13. Nh2 c6 0-1